000 00619nam a2200193 i 4500
001 29682
003 ES-MaACL
005 20250822100417.0
007 t|
008 030122s1959 sp ||||1| spa d
100 1 _aBallesteros Gaibrois, Mercedes,
_d1913-1995
_925057
245 1 0 _aInvierno /
_cMercedes Ballesteros Gaibrois (Baronesa Alberta seud.).
260 _aBarcelona :
_bG.P.,
_c[1959] (
_fGuada)
300 _a128 p. ;
_c17 cm.
490 1 _aLibros de humor "El Gorrión"
830 0 0 _aLibros de humor "El Gorrión"
_9181844
852 _aES-MaACL
_jC-17323
_bR.44524
999 _c29682
_d29682